Top 3 NBA 2K21 Current Players by College: Big East - Statistics

General Stats
  • This quiz has been taken 17 times
  • The average score is 8 of 25
Answer Stats
College Player Rating % Correct
Marquette Jimmy Butler 90
100%
Butler Gordon Hayward 85
86%
UConn Kemba Walker 85
79%
UConn Andre Drummond 83
71%
Providence Kris Dunn 76
64%
UConn Jeremy Lamb 79
57%
Villanova Kyle Lowry 84
57%
Creighton Doug McDermott 77
50%
Villanova Mikal Bridges 83
50%
Georgetown Otto Porter Jr. 80
43%
Butler Sean McDermott 69
43%
Marquette Jae Crowder 77
36%
Georgetown Jeff Green 76
36%
St. John's Maurice Harkless 73
29%
Villanova Eric Paschall 79
21%
DePaul Paul Reed 69
14%
Xavier Edmond Sumner 73
0%
Georgetown Greg Whittington 67
0%
St. John's JaKarr Sampson 72
0%
Marquette Juan Toscano-Anderson 75
0%
Creighton Justin Patton 71
0%
Butler Kelan Martin 69
0%
DePaul Max Strus 72
0%
Xavier Naji Marshall 68
0%
Creighton Ty-Shon Alexander 67
0%
No matching quizzes found
Score Distribution
Percent of People with Each Score
Percentile by Number Answered
Your Score History
You have not taken this quiz